| 000 | 00598nam a2200169Ia 4500 | ||
|---|---|---|---|
| 003 | IN-BaIIA | ||
| 008 | 211028s9999 xx 000 0 eng d | ||
| 040 | _cIIA Library | ||
| 080 |
_a523.947:520.86 _bINSA |
||
| 110 |
_aIndian National Science Academy _910909 |
||
| 245 | 0 |
_aObservations of total solar eclipse of 16 february 1980 (Preliminary results) _cIndian National Science Academy |
|
| 260 |
_aNew Delhi _bIndian National Science Academy _c1981 |
||
| 300 | _a130p. | ||
| 650 | _aAstronomy and Astrophysics Thesaurus | ||
| 650 |
_aSolar Eclipse _91412 |
||
| 942 | _cBK | ||
| 999 |
_c6741 _d6741 |
||